Normal view
MARC view
Entry Nombre personal
001 - NÚMERO DE CONTROL
- campo de control: 1018
003 - IDENTIFICADOR DE NÚMERO DE CONTROL
- campo de control: DLC
005 - FECHA Y HORA DE LA ÚLTIMA TRANSACCIÓN
- campo de control: 20260406112918.0
008 - ELEMENTOS DE DATO DE LONGITUD-FIJA
- campo de control de longitud fija: 170828n| azannaabn |n aaa c
010 ## - NÚMERO DE CONTROL DE LA BIBLIOTECA DEL CONGRESO
- Número de control de LC: no2017112936
035 ## - NÚMERO DE CONTROL DEL SISTEMA
- Número de control de sistema: (OCoLC)oca10957517
040 ## - FUENTE DE CATALOGACIÓN
- Centro catalogador/agencia de origen: TxU
- Lengua de catalogación: eng
- Normas de descripción: rda
- Centro/agencia transcriptor: TxU
100 1# - ENCABEZAMIENTO-NOMBRE DE PERSONA
- Nombre de persona: Blaquier, Carlos Pedro
375 ## - GÉNERO/SEXO
- Género: male
377 ## - IDIOMA ASOCIADO
- Código del idioma: spa
670 ## - FUENTE DE DATOS ENCONTRADOS
- Cita de la fuente: Campo argentino, 2016:
- Información encontrada: title page (Carlos Pedro Blaquier) p. 117 (agricultural producer; president of Ledesma SAIC; author)